000 01961cam a2200349 i 4500
001 768714001
003 CO-MdFUSB
005 20220425102644.0
007 ta
008 140609t2014 mnua b 001 0 eng d
020 _a1451469934
040 _aYDXCP
_beng
_erda
_cCO-MdFUSB
_dBTCTA
_dOCLCQ
_dBDX
_dOCLCQ
_dCDX
_dOCLCO
_dUAB
_dOCLCQ
_dOCLCF
_dLML
_dNhCcYME
041 _aeng
082 _223
_a223.106
_bD631
100 1 _aDoak, Brian R.,
_eautor
245 1 0 _aConsider Leviathan :
_bnarratives of nature and the self in Job /
_cBrian R. Doak.
264 1 _aMinneapolis :
_bFortress Press,
_c[2014]
264 1 _c© 2014
300 _a302 páginas :
_bilustraciones ;
_c24 cm.
336 _atexto
_btxt
_2rdacontent.
337 _asin mediación
_bn
_2rdamedia.
338 _avolumen
_bnc
_2rdacarrier.
504 _aIncluye referencias bibliográficas e índice.
505 _aConsidere Leviatán; Considere Leviatán; Contenido; Ilustraciones; abreviaturas; Prólogo; Considere el avestruz; Eco-Antropologías de la Sabiduría en la Biblia Hebrea; Eco-Antropologías en los Diálogos de Joban; Eco-Antropologías en el Habla de Dios de Joban; Teologías naturales del yo posterior al exilio en Job; Epílogo;
520 _a Brian R. Doak observa que el libro de Job usa metáforas extraídas del mundo natural, especialmente de plantas y animales, como materia prima para pensar sobre el sufrimiento humano. Doak argumenta que Job debe ser visto como un "punto cero" antropológico para la definición traumática del yo humano posterior al exilio en el antiguo Israel. Considere Leviatán explora el texto en la intersección de la antropología, la teología y la ecología, abriendo nuevas posibilidades para trazar la visión de la naturaleza en la Biblia hebrea.
563 _aRústico
630 7 _aBiblia.
_pJob
_xCrítica, interpretación, etc.
650 0 _aWisdom literature.
942 _cBK
945 _aJTF-925
999 _c67679
_d67679